Struktúraváltozás a jogban

Elmentve itt :
Bibliográfiai részletek
Szerzők: Beck Salamon
Kende Ernő
Szűcs Miklós
Dokumentumtípus: Cikk
Megjelent: 1933
Sorozat:Polgári jog : a hazai és külföldi magánjog és hiteljog szemléje 9
Kulcsszavak:Gazdasági jog magyar, Ügyvédség magyar
Online Access:http://misc.bibl.u-szeged.hu/15258
LEADER 00690nab a2200193 i 4500
001 misc15258
005 20191106142347.0
008 170607s1933 hu o 0|| hun d
040 |a SZTE Miscellanea Repozitórium  |b hun 
041 |a hun 
100 1 |a Beck Salamon 
245 1 0 |a Struktúraváltozás a jogban  |h [elektronikus dokumentum] /  |c  Beck Salamon 
260 |c 1933 
300 |a 131-138a 
490 0 |a Polgári jog : a hazai és külföldi magánjog és hiteljog szemléje  |v 9 
695 |a Gazdasági jog magyar, Ügyvédség magyar 
700 0 1 |a Kende Ernő  |e aut 
700 0 1 |a Szűcs Miklós  |e aut 
856 4 0 |u http://misc.bibl.u-szeged.hu/15258/1/polgari_jog_1933_131-138a.pdf  |z Dokumentum-elérés